The genera of flowering plants, Angiospermae /
Guardado en:
| Autor Principal: | |
|---|---|
| Otros Autores: | |
| Formato: | Libro |
| Idioma: | English |
| Publicado: |
Oxford :
Clarendon Press,
1964-
|
| Materias: | |
| Etiquetas: |
Agregar Etiqueta
Sin Etiquetas, Sea el primero en etiquetar este registro!
|
| LEADER | 00781cam a22002051a 4500 | ||
|---|---|---|---|
| 001 | EEA.libagro009959 | ||
| 008 | 750624m19649999enk######b####000#0#eng## | ||
| 005 | 20211206105935.0 | ||
| 245 | 1 | 4 | |a The genera of flowering plants, Angiospermae / |c by J. Hutchinson. |
| 260 | |a Oxford : |b Clarendon Press, |c 1964- | ||
| 300 | |a v. ; |c 24 cm. | ||
| 500 | |a "Based principally on the Genera plantarum of G. Bentham and J.D. Hooker." | ||
| 504 | |a Incluye referencias bibliográficas. | ||
| 505 | 0 | |a v. 1 -- Dicotyledones. | |
| 100 | 1 | |a Hutchinson, J. |q (John), |d 1884-1972. | |
| 700 | 1 | |a Bentham, George, |d 1800-1884. |t Genera plantarum. | |
| 082 | |a 582.13 | ||
| 650 | 0 | |a Angiospermas |2 agrovoc | |
| 650 | 0 | |a Dicotiledoneas |2 agrovoc | |
| 859 | |a AR-BbBCA |b BIB. AGRONOMIA |h 582.13 |i H976 |p 1966/0045 |v Vol. 1 |3 Vol. 1 | ||
